00214 a2200085 4500245007400000100002500074260000900099300001100108035000900119 aThe Impact of Malnutrition on Immune Defense in Parasitic Infestation aNestlé Foundation  c1981 a199 p. a3463